Coastal fishes of Southern Japan

Zapisane w:
Opis bibliograficzny
1. autor: Masuda, H.
Format: Książka
Język:Undetermined
Wydane: Tokyo Tokai University Press 1975
Hasła przedmiotowe:
Etykiety: Dodaj etykietę
Nie ma etykietki, Dołącz pierwszą etykiete!
Thư viện lưu trữ: Trung tâm Học liệu Trường Đại học Cần Thơ
LEADER 00480nam a2200181Ia 4500
001 CTU_126851
008 210402s9999 xx 000 0 und d
082 |a 639.32 
082 |b M424 
100 |a Masuda, H. 
245 0 |a Coastal fishes of Southern Japan 
245 0 |c H. Masuda, C. Araga, T. Yoshino 
260 |a Tokyo 
260 |b Tokai University Press 
260 |c 1975 
650 |a Fishes 
904 |i Giang 
980 |a Trung tâm Học liệu Trường Đại học Cần Thơ